000 00650nam a2200217Ii 4500
003 JO-AjNU
008 230605s9999||||xx |||||||||||||| ||und||
017 _a1974/1520
040 _aJO-AjNU
_bara
_erda
_cJO-AjNU
041 _aara
050 1 4 _aDT70.A60 1975
100 3 _aالفقي، حسن,
_eauthor
_98650
245 0 0 _aالتاريخ الثقافي للتعليم في مصر
250 _aط3
264 3 1 _aالقاهرة: دار المعارف، 1974
300 _a346ص
336 _atext
_btxt
_2rdacontent
337 _aunmediated
_bn
_2rdamedia
338 _avolume
_bnc
_2rdacarrier
650 4 _aمصر التعليم-تاريخ
_98651
999 _aA897
_c4465
_d4465